Statystyki dla Trasa Warszawskiej linii autobusowej 132

Kliknij tutaj aby rozwiązać quiz!

Ogólne statystyki

  • Ten quiz został rozwiązany 8 razy
  • Średni wynik to 20 z 24

Statystyki odpowiedzi

DzielnicaPrzystanek% Poprawnych
BiałołękaGrodzisk
100%
BiałołękaJesiennych Liści
100%
ŻoliborzMetro Marymont
100%
ŻoliborzMetro Marymont
100%
ŻoliborzOsiedle Potok
100%
ŻoliborzPark Kaskada
100%
ŻoliborzPark Kaskada
100%
Praga-PółnocPKP Toruńska
100%
Białołęka / Praga-PółnocŻerań FSO
100%
TargówekGłębocka
80%
BiałołękaGrodzisk-Kościół
80%
BiałołękaKąty Grodziskie
80%
TargówekKlub Sportowy Polonez
80%
BiałołękaOkrągła
80%
BiałołękaOsiedle Derby
80%
BiałołękaOsiedle Derby
80%
BiałołękaOsiedle Derby III
80%
BiałołękaOsiedle Derby VI
80%
Białołęka / TargówekOstródzka
80%
BiałołękaSieczna
80%
BiałołękaSkarbka z Gór
80%
Białołęka / TargówekToruńska
80%
BiałołękaPodwójna
60%
BiałołękaOsiedle Lewandów I
40%

Rozkład punktacji

Percentyl według liczby udzielonych odpowiedzi

Procent ludzi z każdym wynikiem

Twoja historia wyników

Nie rozwiązałeś tego quizu